000 00290nam a22001337a 4500
008 181102b xxu||||| |||| 00| 0 eng d
020 _a0030568368
041 _aeng
080 _22nd
_a101
100 _a24
101 _aFIL
245 _aPractical Logic
_cBarry,V.E
942 _2udc
_cBK
999 _c51748
_d51748